WWE Theme Songs (random) - Statistics

General Stats
  • This quiz has been taken 463 times
    332 since last reset
  • The average score is 8 of 15
Answer Stats
Theme Wrestler Years of use % Correct
Cult of Personnality CM Punk 2011-
90%
Basic Thuganomics (World Life) John Cena 2003-2005 (*)
86%
Head Of The Table Roman Reigns 2021-
85%
Metalingus Edge 2004-2023 (x)
83%
This Fire Burns Randy Orton/CM Punk 2006-2011 (*)
83%
Visionary Seth Rollins 2021-
83%
The Time is Now John Cena 2005-
82%
Voices Randy Orton 2008-
82%
Burn in My Light Randy Orton 2004-2008 (*)
77%
S.O.S Kofi Kingston 2008-2014 (*)
75%
Electrifying The Rock 2011-
75%
Break the Walls Down Chris Jericho 1999-2018 (x)
74%
Next Big Thing Brock Lesnar 2002-
72%
Slow Chemical Kane 2002-2008 (*)
71%
Glorious Domination Bobby Roode 2016-
70%
Broken Dreams Drew McIntyre 2010-2012 (*)
68%
Gallantry Drew McIntyre 2017-
66%
Special OP The Shield (Roman Reigns, Seth Rollins, Dean Ambrose) 2012-2019 (*)
65%
Live in fear Wyatt Family (Bray Wyatt, Luke Harper, Erick Rowan, Daniel Bryan, Braun Strowman, Randy Orton,) 2012-2017 (*)/(x)
63%
Here to Show the World Dolph Ziggler 2011-2023 (x)
62%
Worlds Apart Sami Zayn 2014-
61%
Rollin' The Undertaker 2000-2003 (*)
61%
Radio Zack Ryder 2009-2020 (x)
61%
Just Close Your Eyes Christian 2004-2021 (x)
59%
Meat on the Table Ryback 2012-2016 (x)
58%
The Second Coming Seth Rollins 2014-2021 (*)
58%
Cool Carlito 2004-
57%
Smoke and Mirrors Cody Rhodes 2010-2014 (*)
57%
Hey Bro Matt Riddle 2018-2021 (*)
55%
Fight Kevin Owens 2014-
53%
Veil of Fire Kane 2011-2021 (x)
50%
Know your Role The Rock 1999-2002 (*)
49%
Ain't no Stoppin' Me Now Shelton Benjamin 2004-2010 (*)
46%
I Won't Do What You Tell Me "Stone Cold" Steve Austin 1998-2003 (x)
42%
You're gonna pay The Undertaker 2000-2003 (*)
42%
Wreck Mick Foley/Mankind 1999-2012 (x)
41%
Man On Fire Kane 2008-2011 (*)
39%
Crank it up The Big Show 2006-2021 (x)
39%
Hellfire Sheamus 2015-2024 (*)
38%
I Come From Money Ted DiBiase 2010-2013 (x)
38%
Retaliation Dean Ambrose 2014-2019 (x)
37%
Get on your knees Jack Swagger 2008-2013 (*)
35%
Hello Ladies Val Venis 1998-2008 (x)
35%
Turn it Up Too Cool (Scotty 2 Hotty, Grandmaster Sexay, Albert) /////////////////////////////////////////////// Bayley 2001-2007 (*)/(x) /////////////////////////// 2014-2019 (*)
26%
Loaded Jeff Hardy/Matt Hardy 1999-2021 (x)
23%
Miracle Antonio Cesaro 2012-2013 (*)
20%
Land of Five Rivers The Great Khali 2008-2014 (x)
20%
Invasion Goldberg 2003-2022 (x)
19%
How do you like me now ? Hardcore Holly 2000-2009 (x)
16%
Turn Up the Trouble Mr. Kennedy 2005-2009 (x)
16%
If you dare Tazz 2000-2002 (x)
15%
Hes Ma Da Hornswoggle/Finlay 2007-2015 (x)
13%
Unglued Snitsky 2007-2008 (x)
8%
No matching quizzes found
Score Distribution
Percent of People with Each Score
Percentile by Number Answered
Your Score History
You have not taken this quiz since the last reset